[Event "Misurata op"]
[Site "Misurata"]
[Date "2022.12.15"]
[Round "9"]
[White "Elshaafi, Ali"]
[Black "Alfaitori, Abdallah"]
[Result "1/2-1/2"]
[WhiteElo "1937"]
[BlackElo "1914"]
[PlyCount "63"]
[EventDate "2022.12.08"]
[EventType "swiss"]
[EventRounds "9"]
[EventCountry "LBY"]
[SourceTitle "EXT 2024"]
[Source "ChessBase"]
[SourceDate "2023.10.10"]
[SourceVersion "1"]
[SourceVersionDate "2023.10.10"]
[SourceQuality "1"]

1. e4 c6 2. d4 d5 3. Nc3 dxe4 4. Nxe4 Bf5 5. Ng3 Bg6 6. h4 h6 7. Nf3 Nd7 8. Bd3 Bxd3 9. Qxd3 Qc7 10. Bd2 e6 11. 0-0-0 Bd6 12. Ne2 Ngf6 13. h5 0-0-0 14. Kb1 c5 15. c4 e5 16. dxe5 Nxe5 17. Nxe5 Bxe5 18. Qc2 Rhe8 19. Nc3 Kb8 20. Nb5 Qc6 21. Bc3 Bxc3 22. Qxc3 Qe4+ 23. Ka1 Rd7 24. Nd6 Red8 25. Qg3 Ka8 26. Rd5 Qe6 27. Nb5 Nxd5 28. cxd5 Qxd5 29. Nc3 Qg5 30. Qf3 Rd3 31. Qe4 f5 32. Qa4 1/2-1/2

[Event "Misurata op"]
[Site "Misurata"]
[Date "2022.12.12"]
[Round "6"]
[White "Elshaafi, Ali"]
[Black "Abuanza, Mousa"]
[Result "1/2-1/2"]
[WhiteElo "1937"]
[BlackElo "1886"]
[PlyCount "214"]
[EventDate "2022.12.08"]
[EventType "swiss"]
[EventRounds "9"]
[EventCountry "LBY"]
[SourceTitle "EXT 2024"]
[Source "ChessBase"]
[SourceDate "2023.10.10"]
[SourceVersion "1"]
[SourceVersionDate "2023.10.10"]
[SourceQuality "1"]

1. e4 c5 2. Nf3 Nc6 3. d4 cxd4 4. Nxd4 d6 5. Nc3 a6 6. Be3 Nf6 7. Be2 g6 8. 0-0 Bg7 9. h3 0-0 10. Qd2 Nxd4 11. Bxd4 b5 12. Bf3 e5 13. Be3 Qc7 14. Rfd1 Rd8 15. Bg5 Be6 16. a3 Rac8 17. Rac1 Rd7 18. Qe3 Qc5 19. Qxc5 dxc5 20. Rxd7 Nxd7 21. Rd1 h6 22. Be3 Bf8 23. Nd5 Kg7 24. Be2 c4 25. Nb6 Nxb6 26. Bxb6 Rc6 27. Be3 Rd6 28. Kf1 h5 29. Ke1 Be7 30. Bd2 Kf8 31. Ra1 Rb6 32. Ba5 Rb7 33. c3 Bc5 34. f3 Ke8 35. Kd2 Rd7+ 36. Kc2 Be3 37. Rd1 Rxd1 38. Kxd1 Kd7 39. Ke1 Bc1 40. Kd1 Bxb2 41. Bb4 a5 42. Bxa5 Bxa3 43. Kc2 Kc6 44. Bd8 Bd6 45. Ba5 Ba3 46. Bd8 b4 47. cxb4 Bxb4 48. Bf6 Bd6 49. Kc3 Kb5 50. Bg5 Bc5 51. Bf6 Bd4+ 52. Kc2 Kc5 53. Be7+ Kb5 54. Bf6 Kc5 55. Be7+ Kc6 56. Bd1 Bc8 57. Be2 Ba6 58. Bb4 Bb5 59. Bd2 Ba4+ 60. Kc1 Bb3 61. Bg5 Kc5 62. Be7+ Kb5 63. Bg5 Kb4 64. Bd2+ Ka3 65. Kb1 c3 66. Bc1+ Kb4 67. Bd3 Bd1 68. Bg5 Bc5 69. Kc1 Bb3 70. Kb1 Bc4 71. Bxc4 Kxc4 72. Kc2 Bf2 73. Bf6 Bg3 74. Bd8 Bf2 75. Bc7 Bd4 76. Bd8 f5 77. Ba5 fxe4 78. fxe4 g5 79. Bd8 Be3 80. Ba5 Kd4 81. Bxc3+ Kxe4 82. Kd1 Bd4 83. Bd2 Be3 84. Bc3 g4 85. Ke2 Bc5 86. Bd2 Kf5 87. Bc3 Kf4 88. Be1 Bd4 89. Bh4 Bg1 90. Be1 e4 91. hxg4 hxg4 92. Bh4 Bh2 93. Be1 Bg3 94. Ba5 Kf5 95. Bb4 Bf4 96. Bc5 Kg5 97. Bf2 Kh5 98. Be1 Bg5 99. Bg3 Bh4 100. Bf4 Kg6 101. Bd2 Bg3 102. Bb4 Kf5 103. Bc5 Bf4 104. Bb6 Kg5 105. Bd8+ Kh5 106. Be7 Bg5 107. Bc5 Bf4 1/2-1/2

[Event "Misurata op"]
[Site "Misurata"]
[Date "2022.12.08"]
[Round "1"]
[White "Elshaafi, Ali"]
[Black "Elbarag, Sagi Bashir"]
[Result "1-0"]
[WhiteElo "1937"]
[BlackElo "1506"]
[PlyCount "63"]
[EventDate "2022.12.08"]
[EventType "swiss"]
[EventRounds "9"]
[EventCountry "LBY"]
[SourceTitle "EXT 2024"]
[Source "ChessBase"]
[SourceDate "2023.10.10"]
[SourceVersion "1"]
[SourceVersionDate "2023.10.10"]
[SourceQuality "1"]

1. e4 c6 2. d4 d5 3. Nc3 dxe4 4. Nxe4 Nd7 5. Nf3 Ngf6 6. Ng3 e6 7. Bd3 Be7 8. 0-0 0-0 9. c4 b6 10. Qe2 Bb7 11. Rd1 Qc7 12. b3 Rfe8 13. Bb2 c5 14. Rac1 cxd4 15. Nxd4 Bc5 16. Bb1 Rad8 17. a3 a5 18. Qe1 Nf8 19. b4 axb4 20. axb4 Be7 21. Bd3 Rc8 22. Bf1 Ng6 23. Nb5 Qf4 24. Rd4 Qe5 25. Qd2 Ba6 26. Rd6 Qf4 27. Qxf4 Nxf4 28. Rxb6 Bxb5 29. Rxb5 Rb8 30. Rxb8 Rxb8 31. Be5 Rxb4 32. Bxf4 1-0

[Event "Sousse BICA op 1st"]
[Site "Sousse"]
[Date "2021.12.27"]
[Round "5"]
[White "Elshaafi, Ali"]
[Black "Zgeta, Faisal Mohamed"]
[Result "1-0"]
[WhiteElo "1950"]
[BlackElo "1649"]
[PlyCount "75"]
[EventDate "2021.12.24"]
[EventType "swiss"]
[EventRounds "9"]
[EventCountry "TUN"]
[SourceTitle "CBM 205 Extra"]
[Source "ChessBase"]
[SourceDate "2022.01.31"]
[SourceVersion "1"]
[SourceVersionDate "2022.01.31"]
[SourceQuality "1"]

1. e4 d6 2. d4 Nf6 3. Nc3 g6 4. h3 Bg7 5. Nf3 c6 6. a4 0-0 7. Bd3 Nbd7 8. Bf4 Re8 9. Qd2 e5 10. Bg5 exd4 11. Nxd4 Qb6 12. Be3 Ne5 13. Be2 Qc7 14. 0-0 a6 15. a5 Ned7 16. f3 Nh5 17. Bc4 b5 18. axb6 Nxb6 19. Bb3 Be5 20. f4 Bg7 21. Qf2 Nf6 22. Nf3 Nxe4 23. Nxe4 Rxe4 24. Bxb6 Qb8 25. Bxf7+ Kh8 26. Rae1 Bf5 27. Rxe4 Bxe4 28. Ng5 c5 29. c3 Qb7 30. Nxe4 Qxb6 31. f5 Qb7 32. Nxd6 Qd7 33. Bd5 Rf8 34. Nf7+ Rxf7 35. Bxf7 Qxf7 36. fxg6 Qxg6 37. Qf7 Qc6 38. Re1 1-0

[Event "Sousse BICA op 1st"]
[Site "Sousse"]
[Date "2021.12.27"]
[Round "6"]
[White "Gator, Mosab"]
[Black "Elshaafi, Ali"]
[Result "1/2-1/2"]
[WhiteElo "2131"]
[BlackElo "1950"]
[PlyCount "76"]
[EventDate "2021.12.24"]
[EventType "swiss"]
[EventRounds "9"]
[EventCountry "TUN"]
[SourceTitle "CBM 205 Extra"]
[Source "ChessBase"]
[SourceDate "2022.01.31"]
[SourceVersion "1"]
[SourceVersionDate "2022.01.31"]
[SourceQuality "1"]

1. e4 e5 2. Nf3 Nc6 3. Bc4 Bc5 4. c3 Nf6 5. d3 d6 6. Nbd2 a6 7. Bb3 0-0 8. 0-0 d5 9. Qe2 dxe4 10. dxe4 Qe7 11. Nc4 h6 12. Ne3 Bxe3 13. Qxe3 Ng4 14. Qe2 Be6 15. Bd5 Bd7 16. b4 Nf6 17. a4 Rfe8 18. Re1 Qd8 19. Bb2 Qc8 20. Qc2 Bg4 21. Nd2 Ne7 22. Bc4 Ng6 23. Nf1 Be6 24. Qb3 Nf4 25. Rad1 Bxc4 26. Qxc4 Qg4 27. Ng3 Rad8 28. f3 Rxd1 29. Rxd1 Qc8 30. Nf5 Qe6 31. Qxe6 Nxe6 32. Kf2 Rd8 33. Rxd8+ Nxd8 34. Ke3 b5 35. a5 Kf8 36. Kd3 Nd7 37. Kc2 h5 38. g3 g6 1/2-1/2

[Event "Sousse BICA op 1st"]
[Site "Sousse"]
[Date "2021.12.24"]
[Round "1"]
[White "Elshaafi, Ali"]
[Black "Frej, Chedly"]
[Result "1-0"]
[WhiteElo "1950"]
[BlackElo "1179"]
[PlyCount "71"]
[EventDate "2021.12.24"]
[EventType "swiss"]
[EventRounds "9"]
[EventCountry "TUN"]
[SourceTitle "CBM 205 Extra"]
[Source "ChessBase"]
[SourceDate "2022.01.31"]
[SourceVersion "1"]
[SourceVersionDate "2022.01.31"]
[SourceQuality "1"]

1. e4 e5 2. Nf3 Nc6 3. Bb5 a6 4. Ba4 Nf6 5. 0-0 Be7 6. Re1 b5 7. Bb3 d6 8. c3 0-0 9. h3 Na5 10. Bc2 c5 11. d3 Re8 12. Nbd2 Bf8 13. Nf1 g6 14. Be3 Bg7 15. Qd2 Nc6 16. Bh6 Bb7 17. Ng3 d5 18. Bxg7 Kxg7 19. Qg5 d4 20. Nh4 Kh8 21. Bb3 Rf8 22. Rf1 Nd7 23. Qh6 Qf6 24. f4 Qg7 25. Qg5 f6 26. Qg4 exf4 27. Rxf4 Nde5 28. Qe2 dxc3 29. bxc3 Qd7 30. Raf1 g5 31. Rxf6 Rxf6 32. Rxf6 gxh4 33. Nf5 Qxd3 34. Qh5 Qd7 35. Be6 Qc7 36. Qh6 1-0

[Event "Arab Cities"]
[Site "Hammamet"]
[Date "2019.02.24"]
[Round "5.3"]
[White "Elshaafi, Ali"]
[Black "Hergli, Amir"]
[Result "1/2-1/2"]
[WhiteElo "1889"]
[BlackElo "2042"]
[PlyCount "37"]
[EventDate "2019.02.21"]
[EventType "team-swiss"]
[EventRounds "7"]
[EventCountry "TUN"]
[SourceTitle "CBM 189 Extra"]
[Source "ChessBase"]
[SourceDate "2019.06.03"]
[SourceVersion "1"]
[SourceVersionDate "2019.06.03"]
[SourceQuality "1"]
[WhiteTeam "Mosrata"]
[BlackTeam "Omrane"]
[WhiteTeamCountry "LBY"]
[BlackTeamCountry "TUN"]

1. e4 e6 2. d4 d5 3. Nd2 Nf6 4. Bd3 c5 5. e5 Nfd7 6. c3 Nc6 7. Ne2 cxd4 8. cxd4 f6 9. exf6 Qxf6 10. Nf3 h6 11. a3 Bd6 12. Bc2 0-0 13. Qd3 Re8 14. Qh7+ Kf7 15. 0-0 Nf8 16. Qd3 Kg8 17. Ng3 Bd7 18. Bd2 Nd8 19. Bc3 1/2-1/2